Hypersonic and high temperature gas dynamics / (Record no. 5943)

MARC details
000 -LEADER
fixed length control field 00742nac a22002051u 4500
010 ## - LIBRARY OF CONGRESS CONTROL NUMBER
LC control number 88012811
020 ## - INTERNATIONAL STANDARD BOOK NUMBER
International Standard Book Number 0070016712
082 00 - DEWEY DECIMAL CLASSIFICATION NUMBER
Classification number 629.132306
Item number AND
090 ## - LOCALLY ASSIGNED LC-TYPE CALL NUMBER (OCLC); LOCAL CALL NUMBER (OCLC)
-- 5943
-- 5943
100 ## - MAIN ENTRY--PERSONAL NAME
Personal name Anderson, John David.
245 10 - TITLE STATEMENT
Title Hypersonic and high temperature gas dynamics /
Statement of responsibility, etc John D. Anderson, Jr.
260 ## - PUBLICATION, DISTRIBUTION, ETC. (IMPRINT)
Place of publication, distribution, etc New York :
Name of publisher, distributor, etc McGraw-Hill,c1989.
Date of publication, distribution, etc c1989.
300 ## - PHYSICAL DESCRIPTION
Extent xiv, 690 p. :
Other physical details ill. ;
Dimensions 24 cm.
440 #0 -
-- McGraw-Hill series in aeronautical and aerospace engineering
500 ## - GENERAL NOTE
General note Distributer : Al-Ahram.
504 ## - BIBLIOGRAPHY, ETC. NOTE
Bibliography, etc Includes bibliographical references (p. 677-686) and index.
511 ## - PARTICIPANT OR PERFORMER NOTE
Participant or performer note Catalogued By : Mahitab.
650 #0 - SUBJECT ADDED ENTRY--TOPICAL TERM
Topical term or geographic name as entry element Aerodynamics, Hypersonic.
942 ## - ADDED ENTRY ELEMENTS (KOHA)
Item type Book - Borrowing
Call number prefix 629.132306AND
Holdings
Withdrawn status Item status Damaged status Not for loan Home library Current library Shelving location Date acquired Source of acquisition Total Checkouts Full call number Barcode Date last seen Koha item type
        Central Library Central Library First floor 08/11/2007 Purchase   629.132306AND 000006990 15/07/2025 Book - Borrowing